Guess the F1 Driver by their Team History 2 - Statistics

General Stats
  • This quiz has been taken 166 times
  • The average score is 9 of 12
Answer Stats
Debut Year Team History Answer % Correct
2019 Toro Rosso (2019), Red Bull (2019-2020), Williams (2022-Present) Alexander Albon
98%
2017 Toro Rosso (2017-2018), Red Bull (2019), Toro Rosso (2019), AlphaTauri (2020-2022), Alpine (2023-Present) Pierre Gasly
97%
2011 Sauber (2011-2012), McLaren (2013), Force India (2014-2018), Racing Point (2019-2020), Red Bull (2021-Present) Sergio Pérez
97%
2015 Toro Rosso (2015-2017), Renault (2017-2018), McLaren (2019-2020), Ferrari (2021-Present) Carlos Sainz
96%
2010 Williams (2010), Force India (2012), Sauber (2013), Force India (2014-2016), Renault (2017-2019), Haas (2023-Present) Nico Hülkenberg
96%
2014 McLaren (2014), Renault (2016), Haas (2017-2020, 2022-Present) Kevin Magnussen
93%
2002 Sauber (2002, 2004-2005), Ferrari (2006-2013), Williams (2014-2017) Felipe Massa
74%
1993 Jordan (1993-1996), Stewart (1997-1999), Ferrari (2000-2005), Honda (2006-2008), Brawn (2009), Williams (2010-2011) Rubens Barrichello
70%
1994 Williams (1994-1995), McLaren (1996-2004), Red Bull (2005-2008) David Coulthard
67%
1980 McLaren (1980), Renault (1981-1983), McLaren (1984-1989), Ferrari (1990-1991), Williams (1993) Alain Prost
66%
1997 Jordan (1997-1998), Williams (1999-2004), Toyota (2005-2007) Ralf Schumacher
46%
1984 ATS (1984), Arrows (1985), Benetton (1986), Ferrari (1987-1989), McLaren (1990-1992), Ferrari (1993-1995), Benetton (1996-1997) Gerhard Berger
33%
No matching quizzes found
Score Distribution
Percent of People with Each Score
Percentile by Number Answered
Your Score History
You have not taken this quiz